MARC details
| 000 -LEADER |
| fixed length control field |
02813cam a22006138i 4500 |
| 001 - CONTROL NUMBER |
| control field |
on1368010989 |
| 003 - CONTROL NUMBER IDENTIFIER |
| control field |
OCoLC |
| 005 - DATE AND TIME OF LATEST TRANSACTION |
| control field |
20240417155250.0 |
| 008 - FIXED-LENGTH DATA ELEMENTS--GENERAL INFORMATION |
| fixed length control field |
230131t20242024nyua c 6 000 1 eng |
| 010 ## - LIBRARY OF CONGRESS CONTROL NUMBER |
| LC control number |
2022038485 |
| 020 ## - INTERNATIONAL STANDARD BOOK NUMBER |
| International Standard Book Number |
9781665931946 |
| Qualifying information |
(hardcover) |
| 020 ## - INTERNATIONAL STANDARD BOOK NUMBER |
| International Standard Book Number |
1665931949 |
| Qualifying information |
(hardcover) |
| 020 ## - INTERNATIONAL STANDARD BOOK NUMBER |
| International Standard Book Number |
9781665931939 |
| Qualifying information |
(paperback) |
| 020 ## - INTERNATIONAL STANDARD BOOK NUMBER |
| International Standard Book Number |
1665931930 |
| Qualifying information |
(paperback) |
| 020 ## - INTERNATIONAL STANDARD BOOK NUMBER |
| Cancelled/invalid ISBN |
9781665931953 |
| Qualifying information |
(ebook) |
| 035 ## - SYSTEM CONTROL NUMBER |
| System control number |
(OCoLC)1368010989 |
| 040 ## - CATALOGING SOURCE |
| Original cataloging agency |
DLC |
| Language of cataloging |
eng |
| Description conventions |
rda |
| Transcribing agency |
DLC |
| Modifying agency |
OCLCF |
| -- |
BDX |
| -- |
YDX |
| -- |
OCLCO |
| -- |
JBI |
| -- |
OCLCO |
| -- |
VRP |
| -- |
JAS |
| -- |
OCLCO |
| -- |
OCLCA |
| -- |
UOK |
| 042 ## - AUTHENTICATION CODE |
| Authentication code |
pcc |
| 049 ## - LOCAL HOLDINGS (OCLC) |
| Holding library |
UOKA |
| 050 00 - LIBRARY OF CONGRESS CALL NUMBER |
| Classification number |
PZ7.7.G5324 |
| Item number |
Ev 2024 |
| 082 00 - DEWEY DECIMAL CLASSIFICATION NUMBER |
| Classification number |
741.5/973 |
| Edition number |
23/eng/20230131 |
| 092 ## - LOCALLY ASSIGNED DEWEY CALL NUMBER (OCLC) |
| Classification number |
junior graphic |
| Item number |
Gibbs |
| 100 1# - MAIN ENTRY--PERSONAL NAME |
| Personal name |
Gibbs, Stuart, |
| Dates associated with a name |
1969- |
| Relator term |
author. |
| 9 (RLIN) |
5676937 |
| 245 10 - TITLE STATEMENT |
| Title |
Evil spy school : |
| Remainder of title |
the graphic novel / |
| Statement of responsibility, etc |
Stuart Gibbs ; illustrated by Anjan Sarkar. |
| 250 ## - EDITION STATEMENT |
| Edition statement |
First Simon & Schuster Books for Young Readers hardcover edition. |
| 264 #1 - Production, Publication, Distribution, Manufacture, and Copyright Notice. |
| Place of production, publication, distribution, manufacture |
New York : |
| Name of producer, publisher, distributor, manufacturer |
Simon & Schuster Books for Young Readers, |
| Date of production, publication, distribution, manufacture, or copyr |
[2024] |
| 264 #4 - Production, Publication, Distribution, Manufacture, and Copyright Notice. |
| Date of production, publication, distribution, manufacture, or copyr |
�2024 |
| 300 ## - PHYSICAL DESCRIPTION |
| Extent |
345 pages : |
| Other physical details |
color illustrations ; |
| Dimensions |
22 cm. |
| 336 ## - Content Type |
| Content type term |
text |
| 336 ## - Content Type |
| Content type term |
still image |
| 337 ## - Media type |
| Media type term |
unmediated |
| 338 ## - Carrier type |
| Carrier type term |
volume |
| 490 1# - SERIES STATEMENT |
| Series statement |
Spy school, the graphic novel ; |
| Volume number/sequential designation |
book 3 |
| 520 ## - SUMMARY, ETC. |
| Summary, etc |
After being expelled from spy school, twelve-year-old Ben Ripley accepts an offter to join evil crime organization SPYDER, and although he knows he is a key part of their sinister plan he is not sure how to get word to the good guys without being caught. |
| 521 ## - TARGET AUDIENCE NOTE |
| Target audience note |
Ages 8-12 |
| Source |
Simon & Schuster Books for Young Readers. |
| 521 ## - TARGET AUDIENCE NOTE |
| Target audience note |
Grades 4-6 |
| Source |
Simon & Schuster Books for Young Readers. |
| 650 #0 - SUBJECT ADDED ENTRY--TOPICAL TERM |
| Topical term or geographic name as entry element |
Spies |
| Form subdivision |
Comic books, strips, etc. |
| 9 (RLIN) |
6369073 |
| 650 #0 - SUBJECT ADDED ENTRY--TOPICAL TERM |
| Topical term or geographic name as entry element |
Secret societies |
| Form subdivision |
Comic books, strips, etc. |
| 9 (RLIN) |
6369072 |
| 650 #0 - SUBJECT ADDED ENTRY--TOPICAL TERM |
| Topical term or geographic name as entry element |
Good and evil |
| Form subdivision |
Comic books, strips, etc. |
| 9 (RLIN) |
5689272 |
| 650 #0 - SUBJECT ADDED ENTRY--TOPICAL TERM |
| Topical term or geographic name as entry element |
Schools |
| Form subdivision |
Comic books, strips, etc. |
| 9 (RLIN) |
5767270 |
| 650 #1 - SUBJECT ADDED ENTRY--TOPICAL TERM |
| Topical term or geographic name as entry element |
Spies |
| Form subdivision |
Fiction |
| 9 (RLIN) |
5674120 |
| 650 #1 - SUBJECT ADDED ENTRY--TOPICAL TERM |
| Topical term or geographic name as entry element |
Secret societies |
| Form subdivision |
Fiction. |
| 9 (RLIN) |
5676315 |
| 650 #1 - SUBJECT ADDED ENTRY--TOPICAL TERM |
| Topical term or geographic name as entry element |
Good and evil |
| Form subdivision |
Fiction. |
| 9 (RLIN) |
5674230 |
| 650 #1 - SUBJECT ADDED ENTRY--TOPICAL TERM |
| Topical term or geographic name as entry element |
Schools |
| Form subdivision |
Fiction |
| 9 (RLIN) |
5673727 |
| 650 #1 - SUBJECT ADDED ENTRY--TOPICAL TERM |
| Topical term or geographic name as entry element |
Cartoons and comics |
| 655 #7 - INDEX TERM--GENRE/FORM |
| Genre/form data or focus term |
Spy comics |
| Source of term |
lcgft |
| 9 (RLIN) |
6457340 |
| 655 #7 - INDEX TERM--GENRE/FORM |
| Genre/form data or focus term |
School comics |
| Source of term |
lcgft |
| 9 (RLIN) |
6423966 |
| 655 #7 - INDEX TERM--GENRE/FORM |
| Genre/form data or focus term |
Graphic novels |
| Source of term |
lcgft |
| 655 #7 - INDEX TERM--GENRE/FORM |
| Genre/form data or focus term |
Graphic novel adaptations |
| Source of term |
lcgft |
| 9 (RLIN) |
5803233 |
| 700 1# - ADDED ENTRY--PERSONAL NAME |
| Personal name |
Sarkar, Anjan |
| Relator term |
illustrator. |
| 9 (RLIN) |
6376357 |
| 776 08 - ADDITIONAL PHYSICAL FORM ENTRY |
| Display text |
Online version: |
| Main entry heading |
Gibbs, Stuart, 1969- |
| Title |
Evil spy school the graphic novel |
| Edition |
First Simon & Schuster Books for Young Readers hardcover edition. |
| Place, publisher, and date of publication |
New York : Simon & Schuster Books for Young Readers, 2024 |
| International Standard Book Number |
9781665931953 |
| Record control number |
(DLC) 2022038486 |
| 800 1# - SERIES ADDED ENTRY--PERSONAL NAME |
| Personal name |
Gibbs, Stuart, |
| Dates associated with a name |
1969- |
| Title of a work |
Spy school the graphic novel (series) ; |
| Volume/sequential designation |
3. |
| 9 (RLIN) |
6485664 |
| 942 ## - ADDED ENTRY ELEMENTS (KOHA) |
| Source of classification or shelving scheme |
Dewey Decimal Classification |
| Koha item type |
BOOK |